000 00242nam a2200109Ia 4500
008 231212s1976 xx 000 0 und d
041 _aeng
082 _a621.38173
100 _aGrob
245 _aBasic Electronis
260 _aNew Delhi
_c1976
999 _c957962
_d957962